Foal in the fog / (Record no. 4594)

MARC details
000 -LEADER
fixed length control field 01053nam a22003017a 4500
001 - CONTROL NUMBER
control field 4594
003 - CONTROL NUMBER IDENTIFIER
control field FISKH
005 - DATE AND TIME OF LATEST TRANSACTION
control field 20240917144552.0
008 - FIXED-LENGTH DATA ELEMENTS--GENERAL INFORMATION
fixed length control field 240917b cb ||||| |||| 00| 0 eng d
020 ## - INTERNATIONAL STANDARD BOOK NUMBER
International Standard Book Number 9780439344159
040 ## - CATALOGING SOURCE
Original cataloging agency FISKH
Language of cataloging eng
Transcribing agency FISKH
Modifying agency FISKH
050 ## - LIBRARY OF CONGRESS CALL NUMBER
Classification number PZ7.B14032
082 ## - DEWEY DECIMAL CLASSIFICATION NUMBER
Edition number 823.914
100 ## - MAIN ENTRY--PERSONAL NAME
Personal name M.Baglio, Ben
Dates associated with a name 1960-
245 ## - TITLE STATEMENT
Title Foal in the fog /
Statement of responsibility, etc. Ben M.Baglio Illustrations by Ann Baum
250 ## - EDITION STATEMENT
Edition statement Published in 1999
260 ## - PUBLICATION, DISTRIBUTION, ETC.
Place of publication, distribution, etc. New York :
Name of publisher, distributor, etc. Scholastic,
Date of publication, distribution, etc. 1999.
300 ## - PHYSICAL DESCRIPTION
Extent 136 pages :
Other physical details illustrations ;
Dimensions 20cm
505 ## - FORMATTED CONTENTS NOTE
Formatted contents note P<br/>
520 ## - SUMMARY, ETC.
Summary, etc. Whilst pony trekking with her cousin, Mandy gets separated and lost in the fog. She comes across a skewbald foal, who disappears back into the mist. Abby, is haunted by the death of her own skewbald foal, who lost its life in fog.
521 8# - TARGET AUDIENCE NOTE
Target audience note 650L
Source Lexile<br/>
521 8# - TARGET AUDIENCE NOTE
Target audience note P<br/>
Source Raz-Plus<br/>
650 ## - SUBJECT ADDED ENTRY--TOPICAL TERM
Source of heading or term Fiction
Topical term or geographic name entry element Animal fiction
Form subdivision Horses
650 ## - SUBJECT ADDED ENTRY--TOPICAL TERM
Source of heading or term Adventure for Kids
Topical term or geographic name entry element Horses--fiction
700 ## - ADDED ENTRY--PERSONAL NAME
Personal name Baum, Ann
Dates associated with a name Illustrator
942 ## - ADDED ENTRY ELEMENTS (KOHA)
Source of classification or shelving scheme Dewey Decimal Classification
Koha item type Books
Suppress in OPAC No
Holdings
Withdrawn status Lost status Source of classification or shelving scheme Damaged status Not for loan Collection Home library Current library Shelving location Date acquired Total Checkouts Full call number Barcode Date last seen Copy number Price effective from Koha item type
    Dewey Decimal Classification     Juvenile Fiction Footprints International School Library Network Toul Kork Campus Footprints International School Library Network Toul Kork Campus TTP Primary Orange Bookshelves 09/17/2024   BAG 823.914 PZ7.B14032 2024-1991 09/17/2024 1 09/17/2024 Books